Les Etats non reconnus par l'ONU - Statistiques

Statistiques générales
  • Ce quiz a été pris 1 021 fois
  • Le résultat moyen est 4 sur 11
Statistiques - réponses
Pays % Correct
Palestine
82%
Taïwan
51%
Kosovo
48%
Sahara Occidental
40%
Somaliland
39%
Ossétie du Sud
37%
Abkhazie
35%
Transnistrie
30%
Chypre du Nord
24%
Haut-Karabagh
23%
Nouvelle Russie
9%
Aucun quiz correspondant
Distribution des résultats
% des personnes avec chaque résultat
Percentile par nombre de réponses
Votre historique - résultats
Vous n’avez pas pris ce quiz